Datos complementarios para la historia de España : (Record n. 29498)

Dettagli MARC
000 -LEADER
fixed length control field 00601nam a2200181 i 4500
003 - CONTROL NUMBER IDENTIFIER
control field IT-RoINE
005 - DATE AND TIME OF LATEST TRANSACTION
control field 20190311093034.0
008 - FIXED-LENGTH DATA ELEMENTS--GENERAL INFORMATION
fixed length control field 900725s1945 sp a r | spa d
040 ## - CATALOGING SOURCE
Original cataloging agency SpMaBN
Language of cataloging spa
Transcribing agency A2 IT-RoINE
Modifying agency IT-RoINE
245 10 - TITLE STATEMENT
Title Datos complementarios para la historia de España :
Remainder of title Guerra de Liberación 1936-1939.
260 ## - PUBLICATION, DISTRIBUTION, ETC. (IMPRINT)
Place of publication, distribution, etc Madrid :
Name of publisher, distributor, etc [s.n.],
Date of publication, distribution, etc 1945.
300 ## - PHYSICAL DESCRIPTION
Extent 384 p., 2 h., [90] h. de lám. ;
Dimensions 26 cm.
336 ## - CONTENT TYPE
Source rdacontent
Content type term text
337 ## - MEDIA TYPE
Source rdamedia
Media type term unmediated
338 ## - CARRIER TYPE
Source rdacarrier
Carrier type term volume
651 #4 - SUBJECT ADDED ENTRY--GEOGRAPHIC NAME
Geographic name España
General subdivision Historia
Chronological subdivision 1936-1939 (Guerra civil)
9 (RLIN) 7494
942 ## - ADDED ENTRY ELEMENTS (KOHA)
Item type Monografías
Dati di copia
Withdrawn status Lost status Damaged status Not for loan Home library Current library Date acquired Total Checkouts Full call number Barcode Date last seen Price effective from Koha item type
        Iglesia Nacional Española en Roma Iglesia Nacional Española en Roma 11/03/2019   HIS.ESP.4. 1580 55422 11/03/2019 11/03/2019 Monografías